Представление документа в формате RUSMARC

ПолеНазваниеЗначение
  Тип записи a
  Библиографический уровень m
001 Контрольный номер RU/CBS_UL/BASE/928a377d7fc44dc3a61891f44a176ce6
005 Дата корректировки 20260129132857.7
010 Индекс ISBN __
d Цена 15 к.
9 Тираж экз.
100 Данные общей обработки __
a Данные общей обработки 20161130d2016 ||| 0rusy0189 ca
101 Язык документа 0_
a Язык текста rus
102 Страна публикации __
a Страна публикации RU
105 Кодированные данные (монография) __
a Кодированные данные (монография) y###||||000|y
200 Заглавие и сведения об ответственности 1_
a Заглавие О перестройке управления народным хозяйством на современном этапе экономического развития страны
b Общее обозначение материала Текст
e Сведения, относящиеся к заглавию доклад на совместном заседании Совета Союза и Совета Национальностей седьмой сессии Верховного Совета СССР одиннадцатого созыва
e Сведения, относящиеся к заглавию о перестройке управления народным хозяйством на современном этапе экономического развития страны
e Сведения, относящиеся к заглавию постановление Верховного Совета СССР
f Первые сведения об ответственности Н. И. Рыжков
210 Выходные данные 1_
a Место издания Москва
c Издательство Политиздат
d Дата издания 1987
215 Физическое описание __
a Объем 61 с.
d Формат см.
300 Общие примечания __
a Общие примечания 16+
606 Тематические рубрики 0_
a Основная рубрика Управление экономикой
606 Тематические рубрики 0_
a Основная рубрика Экономика СССР
610 Ключевые слова 0_
a Ключевые слова экономика; управление экономикой; развитие экономическое
686 Индексы других классификаций __
a Классификационный индекс 65.05
2 Код системы ББК
686 Индексы других классификаций __
a Классификационный индекс 65.9(2)
700 Автор _0
a Фамилия Рыжков
b Имя (инициалы) Н. И.
g Полное личное имя Николай Иванович
801 Источник записи _0
a Страна RU
b Организация МБУК ЦБС
c Дата составления 20161130
g Правила каталогизации RCR
801 Источник записи _1
a Страна RU
b Организация МБУК ЦБС г. Ульяновска
c Дата составления 20161130
g Правила каталогизации RCR
852 Данные о местонахождении __
i Авторский знак Р 93
j Шифр хранения 65.05
901 Тип документа __
t Тип документа m